000 00712nam a2200289Ia 4500
005 20260324144827.0
008 008 260324s9999 xx 000 0 eng d
020 _a9781315778846
037 _aEBOOK
040 _aCRL
040 _beng
040 _cCRL
041 _2eng
041 _aeng
084 _qCRL
100 _aBarry Strauss
_91214074
245 0 _aAthens after the Peloponnesian War (Routledge Revivals)
245 0 _bClass, Faction and Policy 403-386 B.C.
260 _bTaylor and Francis
260 _c1986
365 _a
365 _b240
856 _uhttp://www.taylorfrancis.com/books/9781315778846
942 _cEBOOK
999 _c1827858
_d1827858